Online
Catalog

Problemas del mundo contemporáneo / (Record no. 14098)

MARC details
000 -CABECERA
campo de control de longitud fija 00954cam a2200253 a 4500
001 - NÚMERO DE CONTROL
campo de control 000014509
005 - FECHA Y HORA DE LA ÚLTIMA TRANSACCIÓN
campo de control 20200929163849.0
008 - DATOS DE LONGITUD FIJA--INFORMACIÓN GENERAL
campo de control de longitud fija 970624s1996 ve b 000 0 spa d
020 ## - NÚMERO INTERNACIONAL ESTÁNDAR DEL LIBRO
Número Internacional Estándar del Libro 9978950419
035 ## - NÚMERO DE CONTROL DEL SISTEMA
Número de control de sistema (DLC) 97165521
035 ## - NÚMERO DE CONTROL DEL SISTEMA
Número de control de sistema (CU)GLAD84451638
035 ## - NÚMERO DE CONTROL DEL SISTEMA
Número de control de sistema (CStRLIN)CUBGGLAD84451638-B
040 ## - FUENTE DE LA CATALOGACIÓN
Centro catalogador/agencia de origen DO-SdBNP
Lengua de catalogación spa
Centro/agencia transcriptor BNPHU
Centro/agencia modificador CU
-- DLC
082 ## - NÚMERO DE LA CLASIFICACIÓN DECIMAL DEWEY
Número de clasificación 327.16
Número de documento/Ítem B275p
049 ## - FONDOS LOCALES (OCLC)
Fondos de biblioteca BNGR
100 1# - ENTRADA PRINCIPAL--NOMBRE DE PERSONA
Nombre de persona Barriga López, Franklin,
Fechas asociadas al nombre 1945-
9 (RLIN) 30052
245 10 - MENCIÓN DE TÍTULO
Título Problemas del mundo contemporáneo /
Mención de responsabilidad, etc. Franklin Barriga López.
260 ## - PUBLICACIÓN, DISTRIBUCIÓN, ETC.
Lugar de publicación, distribución, etc. Caracas :
Nombre del editor, distribuidor, etc. Grupo de Observadores Latinoamericanos, Sede Central ;
Lugar de publicación, distribución, etc. Quito, Ecuador :
Nombre del editor, distribuidor, etc. Instituto Ecuatoriano de Estudios para las Relaciones Internacionales,
Fecha de publicación, distribución, etc. 1996.
300 ## - DESCRIPCIÓN FÍSICA
Extensión 237 p. ;
Dimensiones 22 cm.
504 ## - NOTA DE BIBLIOGRAFÍA, ETC.
Nota de bibliografía, etc. Incluye referencias bibliográficas: (p. [229]-231)
650 #4 - PUNTO DE ACCESO ADICIONAL DE MATERIA--TÉRMINO DE MATERIA
Término de materia o nombre geográfico como elemento de entrada Conflictos internacionales
9 (RLIN) 1885
650 #4 - PUNTO DE ACCESO ADICIONAL DE MATERIA--TÉRMINO DE MATERIA
Término de materia o nombre geográfico como elemento de entrada Política internacional
Subdivisión cronológica 1989-
9 (RLIN) 32682
910 ## - DATOS DE OPCIÓN DEL USUARIO (OCLC)
Datos de opción del usuario Catalogación por copia / LC
Holdings
Estado de retiro Estado de pérdida Restricciones de uso No para préstamo Código de colección Localización permanente Ubicación/localización actual Ubicación en estantería Fecha de adquisición Número de inventario Total de préstamos Signatura topográfica completa Código de barras Fecha visto por última vez Precio válido a partir de Tipo de ítem Koha Número de copia
      Excluido de préstamo Monografías: Libros y Folletos General General En catalogación 13.01.2010 LF1   327.16 B275p 14509-10 25.06.2020 25.06.2020 No se presta  
      Excluido de préstamo Monografías: Libros y Folletos General General En catalogación 13.01.2010 LF1   327.16 B275p 14509-20 25.06.2020 25.06.2020 No se presta e.2

Powered by Koha